Case Studies in Communication Disorders (Record no. 249374)
[ view plain ]
| 000 -LEADER | |
|---|---|
| fixed length control field | 00547nam a22001937a 4500 |
| 003 - CONTROL NUMBER IDENTIFIER | |
| control field | OSt |
| 008 - FIXED-LENGTH DATA ELEMENTS--GENERAL INFORMATION | |
| fixed length control field | 250613b |||||||| |||| 00| 0 eng d |
| 020 ## - INTERNATIONAL STANDARD BOOK NUMBER | |
| International Standard Book Number | 9781316608388 |
| 082 ## - DEWEY DECIMAL CLASSIFICATION NUMBER | |
| Classification number | 618.92 Q6 |
| 100 ## - MAIN ENTRY--PERSONAL NAME | |
| Personal name | Louise Cummings |
| 245 ## - TITLE STATEMENT | |
| Title | Case Studies in Communication Disorders |
| Statement of responsibility, etc | Louise Cummings |
| 250 ## - EDITION STATEMENT | |
| Edition statement | 1st |
| 260 ## - PUBLICATION, DISTRIBUTION, ETC. (IMPRINT) | |
| Name of publisher, distributor, etc | Cambridge University Press |
| Date of publication, distribution, etc | 2016 |
| 650 ## - SUBJECT ADDED ENTRY--TOPICAL TERM | |
| Form subdivision | Audiology and Speech Language Pathology |
| General subdivision | Audiology and Speech Language Pathology |
| 942 ## - ADDED ENTRY ELEMENTS (KOHA) | |
| Item type | Reference |
| Source of classification or shelving scheme | Dewey Decimal Classification |
| Withdrawn status | Lost status | Damaged status | Permanent location | Current location | Shelving location | Date acquired | Source of acquisition | Cost, normal purchase price | Full call number | Barcode | Date last seen | Koha item type |
|---|---|---|---|---|---|---|---|---|---|---|---|---|
| CENTRAL LIBRARY, NOORUL ISLAM CENTRE FOR HIGHER EDUCATION | CENTRAL LIBRARY, NOORUL ISLAM CENTRE FOR HIGHER EDUCATION | General stacks | 06/13/2025 | amazon.in / 07/02/2025 | 3154.00 | 618.92 Q6 | 85121 | 06/13/2025 | Books |
